Boeken van de katholieke Bijbel - Statistieken

Algemene statistieken
  • Deze quiz is 20 keer genomen
  • De gemiddelde score is 35 van 73
Antwoordstatistieken
categorie Hint Antwoord % Correct
Wet 1 Genesis
100%
Poëzie 22 Job
100%
Overige brieven 69 1 Johannes
80%
Overige brieven 70 2 Johannes
80%
Overige brieven 71 3 Johannes
80%
Wet 2 Exodus
80%
Evangelie 50 Johannes
80%
Wet 3 Leviticus
80%
Evangelie 49 Lukas
80%
Evangelie 48 Marcus
80%
Wet 4 Numeri
80%
Poëzie 23 Psalmen
80%
Geschiedenis 11 1 Koningen
60%
Geschiedenis 13 1 Kronieken
60%
Geschiedenis 9 1 Samuel
60%
Geschiedenis 12 2 Koningen
60%
Geschiedenis 14 2 Kronieken
60%
Geschiedenis 10 2 Samuel
60%
Profetie 73 Apocalyps | Openbaring
60%
Wet 5 Deuteronomium
60%
Geschiedenis 15 Ezra
60%
Geschiedenis 2 51 Handelingen van de Apostelen
60%
Poëzie 26 Hooglied
60%
Grote profeten 30 Jeremia
60%
Grote profeten 29 Jesaja
60%
Kleine profeten 39 Jona
60%
Geschiedenis 6 Jozua
60%
Grote profeten 31 Klaagliederen
60%
Evangelie 47 Matteüs
60%
Geschiedenis 7 Rechters
60%
Brieven van Paulus 52 Romeinen
60%
Geschiedenis 8 Ruth
60%
Poëzie 24 Spreuken
60%
Geschiedenis 20 1 Makkabeeën
40%
Geschiedenis 21 2 Makkabeeën
40%
Brieven van Paulus 60 2 Tessalonicenzen
40%
Grote profeten 34 Daniël
40%
Brieven van Paulus 59 1 Tessalonicenzen
40%
Geschiedenis 19 Ester
40%
Grote profeten 33 Ezechiël
40%
Brieven van Paulus 64 Filemon
40%
Kleine profeten 42 Habakuk
40%
Overige brieven 65 Hebreeën
40%
Kleine profeten 35 Hosea
40%
Geschiedenis 18 Judit
40%
Brieven van Paulus 58 Kolossenzen
40%
Kleine profeten 46 Maleachi
40%
Geschiedenis 16 Nehemia
40%
Kleine profeten 38 Obadja
40%
Poëzie 25 Prediker
40%
Geschiedenis 17 Tobit
40%
Poëzie 27 Wijsheid
40%
Poëzie 28 Wijsheid van Jezus Sirach
40%
Brieven van Paulus 53 1 Korintiërs
20%
Overige brieven 67 1 Petrus
20%
Brieven van Paulus 61 1 Timoteüs
20%
Brieven van Paulus 54 2 Korintiërs
20%
Overige brieven 68 2 Petrus
20%
Brieven van Paulus 62 2 Timoteüs
20%
Kleine profeten 37 Amos
20%
Grote profeten 32 Baruch
20%
Brieven van Paulus 56 Efeziërs
20%
Brieven van Paulus 57 Filippenzen
20%
Brieven van Paulus 55 Galaten
20%
Kleine profeten 44 Haggai
20%
Overige brieven 66 Jacobus
20%
Kleine profeten 36 Joël
20%
Overige brieven 72 Judas
20%
Kleine profeten 40 Micha
20%
Kleine profeten 41 Nahum
20%
Kleine profeten 43 Sefanja
20%
Brieven van Paulus 63 Titus
20%
Kleine profeten 45 Zacharia
20%
Geen overeenkomende quizzen gevonden
Scoreverdeling
Procent van Mensen met Elke Score
Percentiel versus Aantal Correcte Antwoorden
Uw Scoregeschiedenis
U heeft deze quiz nog niet genomen